000 00789 a2200229 4500
005 20250508104708.0
020 _a0812108450
050 1 0 _aRB111
_bKIN 1983
100 1 _aKing, Donald West.
245 1 0 _aGeneral pathology :
_bprinciples and dynamics /
_cDonald West King, Cecilia M. Fenoglio, Jay H. Lefkowitch ; illustrated by Jay H. Lefkowitch.
264 _aPhiladephia :
_bLea and Febger,
_c1983
300 _a550 pages
_billustrations
336 _2rdacontent
_atext
_btxt
337 _2rdamedia
_aunmediated
_bn
338 _2rdacarrier
_avolume
_bnc
504 _aIncludes bibliographical references and index.
650 0 _aPathology.
650 2 _aPathology.
700 2 _aFenoglio-Preiser, Cecilia M.,
_d1943-
700 1 _aLefkowitch, Jay H.
942 _2lcc
_cBK
_h111
_iKIN
_kRB
999 _c11525
_d11525